| 000 | 00778nam a22002417a 4500 | ||
|---|---|---|---|
| 001 | 7606 | ||
| 003 | FISKH | ||
| 005 | 20250807161513.0 | ||
| 008 | 250728b cb ||||| |||| 00| 0 eng d | ||
| 040 |
_aFISKH _beng _cFISKH _dFISKH |
||
| 050 | _aPZ7.B327 | ||
| 082 | _a813.52 | ||
| 100 | _aBaum, L. Frank | ||
| 245 |
_aThe wonderful wizard of oz / _cby L. Frank Baum |
||
| 260 |
_aPhnom Penh : _bFootprints International School , _c2025. |
||
| 300 |
_a71 pages : _billustrations ; _c21 cm . |
||
| 490 |
_aOz _v1 |
||
| 520 | _aAfter a cyclone transports her to the land of Oz, Dorothy must seek out the great wizard in order to return to Kansas. | ||
| 650 |
_aWizard of Oz _vFiction |
||
| 650 |
_aYoung adult _vChildren's fiction |
||
| 942 |
_2ddc _cBK _n0 |
||
| 999 |
_c7606 _d7606 |
||